| 000 | 00632nam a2200205Ia 4500 | ||
|---|---|---|---|
| 003 | GCL | ||
| 008 | 140319s9999 xx 000 0 ara d | ||
| 040 |
_aGCL / _cGCL |
||
| 082 | 0 | 4 |
_a808.88 _bل ت |
| 100 | 1 |
_aمصطفى ماهر _vAnnotator _@ _٠عÙÙ |
|
| 245 | 1 | 0 |
_aتاو - تى - كنج : كتاب الطريق والفضيلة / _cمصطفى ماهر |
| 700 | 1 | _aعبدالغفارمكاوى | |
| 700 | 1 | _aلاوتسى | |
| 300 | _a202 ص | ||
| 490 |
_aالالف كتاب _v0 |
||
| 650 | 0 | 4 | _aالادب الصينى |
| 650 | 0 | 4 | _aالصين - تاريخ |
| 650 | 0 | 4 | _aالنثر الصينى |
| 942 |
_2ddc _cBK |
||
| 999 |
_c43776 _d43776 |
||